[Event "Niedersachsen-ch Seniors"]
[Site "Lehrte"]
[Date "2019.07.23"]
[Round "4"]
[White "Kaiser, Gerhard1111"]
[Black "Adibekian, Roubik"]
[Result "0-1"]
[WhiteElo "1919"]
[BlackElo "2045"]
[PlyCount "90"]
[EventDate "2019.07.20"]
[EventType "swiss"]
[EventRounds "7"]
[EventCountry "GER"]
[SourceTitle "EXT 2023"]
[Source "ChessBase"]
[SourceDate "2022.10.05"]
[SourceVersion "1"]
[SourceVersionDate "2022.10.05"]
[SourceQuality "1"]

1. e4 d5 2. exd5 Nf6 3. Bb5+ Nbd7 4. c4 a6 5. Bxd7+ Qxd7 6. d4 c6 7. Nf3 cxd5 8. c5 e6 9. a4 Be7 10. 0-0 0-0 11. Nc3 Ne4 12. Ne5 Qd8 13. Nxe4 dxe4 14. Nc4 Bd7 15. Nb6 Ra7 16. b4 Bc6 17. Bb2 Bf6 18. Qd2 Bg5 19. Qe2 f5 20. f4 Bf6 21. Rad1 Qe8 22. Bc1 Bxa4 23. Nxa4 Qxa4 24. Qc4 Qd7 25. Be3 Rd8 26. Rd2 Qd5 27. Qxd5 Rxd5 28. Ra1 Ra8 29. b5 Rxc5 30. Rb2 Rc3 31. Kf2 Rd8 32. bxa6 bxa6 33. Rb4 Rc2+ 34. Kf1 Rc6 35. Rba4 Rdd6 36. R1a2 h6 37. Ke2 Kf7 38. Bf2 g5 39. g3 g4 40. R2a3 Rc2+ 41. Ke3 a5 42. Be1 Rxh2 43. Bxa5 Rg2 44. Be1 Rb6 45. Bf2 Rb2 0-1

[Event "Oberliga Nord W 1819"]
[Site "Germany"]
[Date "2018.11.11"]
[Round "2.4"]
[White "Pahl, Erik"]
[Black "Adibekian, Roubik"]
[Result "1-0"]
[WhiteElo "1968"]
[BlackElo "2201"]
[PlyCount "93"]
[EventDate "2018.10.21"]
[EventType "team-tourn"]
[EventRounds "9"]
[EventCountry "GER"]
[SourceTitle "EXT 2020"]
[Source "ChessBase"]
[SourceDate "2019.10.17"]
[SourceVersion "1"]
[SourceVersionDate "2019.10.17"]
[SourceQuality "1"]
[WhiteTeam "Delmenhorst"]
[BlackTeam "Hannover"]
[WhiteTeamCountry "GER"]
[BlackTeamCountry "GER"]

1. Nf3 Nf6 2. g3 c5 3. Bg2 Nc6 4. c4 d5 5. cxd5 Nxd5 6. Nc3 Nb6 7. d3 e5 8. Nd2 Be7 9. Bxc6+ bxc6 10. b3 0-0 11. Bb2 Be6 12. Nf3 f6 13. 0-0 Rb8 14. Qd2 c4 15. dxc4 Nxc4 16. Qxd8 Rfxd8 17. Bc1 Na3 18. Be3 Rb7 19. Rac1 Rc7 20. Na4 Nb5 21. Bc5 e4 22. Nh4 g5 23. Ng2 Rd2 24. e3 Rxa2 25. Bxe7 Rxe7 26. Rxc6 Bxb3 27. Nc5 Bd5 28. Rxf6 Nc3 29. Rd6 Ra5 30. Nd7 Be6 31. Nb8 Bc4 32. Nc6 Bxf1 33. Nxa5 Bb5 34. h4 g4 35. Nf4 Ne2+ 36. Kg2 Nxf4+ 37. gxf4 Be2 38. Nc6 Rb7 39. Nd4 Bd3 40. Kg3 h5 41. Rd5 Rh7 42. Ne6 Rh6 43. f5 Kf7 44. Kf4 Kf6 45. Rd7 Rh8 46. Ng5 Bc4 47. Nxe4# 1-0

[Event "Baden Wuerttemberg-ch Seniors op 2nd"]
[Site "Freudenstadt"]
[Date "2016.07.07"]
[Round "7"]
[White "Herbrechtsmeier, Christof"]
[Black "Adibekian, Roubik"]
[Result "1/2-1/2"]
[WhiteElo "2231"]
[BlackElo "2217"]
[PlyCount "140"]
[EventDate "2016.07.01"]
[EventType "swiss"]
[EventRounds "9"]
[EventCountry "GER"]
[SourceTitle "EXT 2019"]
[Source "ChessBase"]
[SourceDate "2018.10.10"]
[SourceVersion "1"]
[SourceVersionDate "2018.10.10"]
[SourceQuality "1"]

1. e4 d5 2. d4 dxe4 3. Nc3 Bf5 4. f3 e3 5. Bxe3 e6 6. Bd3 Bxd3 7. Qxd3 c6 8. 0-0-0 Nf6 9. Kb1 Nd5 10. Nxd5 cxd5 11. f4 Nc6 12. f5 exf5 13. Qxf5 g6 14. Qh3 Bg7 15. Nf3 0-0 16. Ng5 h6 17. Nf3 g5 18. Qh5 f6 19. Bc1 Qe8 20. Qh3 f5 21. Rhe1 Qg6 22. Ne5 Qd6 23. Qb3 b6 24. h4 f4 25. hxg5 hxg5 26. g3 Rad8 27. gxf4 gxf4 28. Nxc6 Qxc6 29. Qf3 Rd7 30. Rd2 Qg6 31. Rg2 Qh7 32. Re5 Rf5 33. Rxf5 Qxf5 34. Qxf4 Qxf4 35. Bxf4 Kf7 36. c3 b5 37. Kc2 Ke6 38. Kd3 Bf6 39. Re2+ Kf5 40. Be5 Bg5 41. Rh2 Kg6 42. Rh8 Rf7 43. Rg8+ Kh5 44. Ke2 Bh4 45. Bg3 Re7+ 46. Kf3 Rf7+ 47. Bf4 Bf6 48. b3 a5 49. a4 Rb7 50. axb5 Rxb5 51. Rb8 Rxb8 52. Bxb8 Bd8 53. Bf4 Bb6 54. Bc1 Kg6 55. Bb2 Kf5 56. Ke3 Ke6 57. Ba3 Bc7 58. Kd3 Kd7 59. Bc5 Kc6 60. Bf8 Bd8 61. Bh6 Bc7 62. Bd2 Bd8 63. c4 Bc7 64. Bc3 Bd8 65. Kc2 Bc7 66. Kb2 a4 67. cxd5+ Kxd5 68. bxa4 Kc4 69. a5 Bxa5 70. Bxa5 Kxd4 1/2-1/2

[Event "Baden Wuerttemberg-ch Seniors op 2nd"]
[Site "Freudenstadt"]
[Date "2016.07.01"]
[Round "1"]
[White "Brummer, Bernfried"]
[Black "Adibekian, Roubik"]
[Result "1/2-1/2"]
[WhiteElo "1754"]
[BlackElo "2217"]
[PlyCount "73"]
[EventDate "2016.07.01"]
[EventType "swiss"]
[EventRounds "9"]
[EventCountry "GER"]
[SourceTitle "EXT 2019"]
[Source "ChessBase"]
[SourceDate "2018.10.10"]
[SourceVersion "1"]
[SourceVersionDate "2018.10.10"]
[SourceQuality "1"]

1. d4 Nf6 2. Nf3 e6 3. c4 d5 4. Nc3 c6 5. cxd5 exd5 6. Bg5 Be7 7. Qc2 Nbd7 8. e3 0-0 9. Bd3 Re8 10. 0-0 Nf8 11. Rab1 a5 12. Rfc1 h6 13. Bh4 Nh5 14. Bxe7 Qxe7 15. a3 Nf6 16. b4 axb4 17. axb4 b5 18. Ne5 Bb7 19. Bf5 N6d7 20. Bxd7 Nxd7 21. Nxd7 Qxd7 22. Ra1 Qe7 23. Qb2 f5 24. Ne2 g6 25. Nf4 Kg7 26. Nd3 Qd6 27. Nc5 Rxa1 28. Rxa1 Bc8 29. Ra7+ Kg8 30. Nd3 f4 31. Ne5 fxe3 32. fxe3 Rf8 33. Qc2 Rf6 34. Qc5 Qxc5 35. bxc5 Bf5 36. Ra8+ Kg7 37. Ra7+ 1/2-1/2

[Event "GER-chT Seniors 21st"]
[Site "Berlin"]
[Date "2012.09.11"]
[Round "2.74"]
[White "Adibekian, Roubik"]
[Black "Liebscher, Helmar"]
[Result "1-0"]
[WhiteElo "2052"]
[BlackElo "2004"]
[PlyCount "47"]
[EventDate "2012.09.10"]
[EventType "team-swiss"]
[EventRounds "7"]
[EventCountry "GER"]
[SourceTitle "CBM 150 Extra"]
[Source "ChessBase"]
[SourceDate "2012.10.19"]
[SourceVersion "1"]
[SourceVersionDate "2012.10.19"]
[SourceQuality "1"]
[WhiteTeam "Niedersachsen Seniors"]
[BlackTeam "Sachsen Anhalt Seniors"]
[WhiteTeamCountry "GER"]
[BlackTeamCountry "GER"]

1. d4 Nf6 2. Nf3 d5 3. c4 e6 4. g3 Be7 5. Bg2 0-0 6. 0-0 dxc4 7. Qc2 a6 8. a4 Bd7 9. Rd1 Bc6 10. Nc3 Nbd7 11. e4 b5 12. d5 exd5 13. e5 Ne8 14. Nxd5 Bxd5 15. Rxd5 c6 16. Rd1 Qc7 17. Bf4 Nc5 18. Nd4 Nb3 19. Nxb3 cxb3 20. Qxc6 Qxc6 21. Bxc6 Rc8 22. axb5 axb5 23. Rac1 Nc7 24. Bd7 1-0

[Event "Niedersachsen-ch Seniors 45th"]
[Site "Sottrum"]
[Date "2011.05.06"]
[Round "7"]
[White "Adibekian, Roubik"]
[Black "Davydov, Mihail"]
[Result "1-0"]
[WhiteElo "2227"]
[BlackElo "2009"]
[PlyCount "57"]
[EventDate "2011.04.30"]
[EventType "swiss"]
[EventRounds "9"]
[EventCountry "GER"]
[SourceTitle "EXT 2023"]
[Source "ChessBase"]
[SourceDate "2022.10.05"]
[SourceVersion "1"]
[SourceVersionDate "2022.10.05"]
[SourceQuality "1"]

1. d4 Nf6 2. g3 g6 3. Bg2 d5 4. c4 c6 5. cxd5 cxd5 6. Nc3 Nc6 7. Nf3 Bg7 8. h3 0-0 9. 0-0 h6 10. Be3 Be6 11. Kh2 Ne4 12. Rc1 Qd7 13. Ne1 f5 14. f4 Rfc8 15. Nf3 Na5 16. Ne5 Bxe5 17. fxe5 Kg7 18. Nxe4 dxe4 19. Qd2 Nc4 20. Bxh6+ Kh7 21. Qg5 Qxd4 22. Qh4 Kg8 23. Qxe7 Qd7 24. Qf6 Qf7 25. Qg5 Nxe5 26. Rxc8+ Rxc8 27. Bxe4 Bxa2 28. Rxf5 Qc4 29. Rxe5 1-0

[Event "Niedersachsen-ch Seniors 45th"]
[Site "Sottrum"]
[Date "2011.05.05"]
[Round "6"]
[White "Gerhardt, Peter Michael"]
[Black "Adibekian, Roubik"]
[Result "1/2-1/2"]
[WhiteElo "2138"]
[BlackElo "2227"]
[PlyCount "27"]
[EventDate "2011.04.30"]
[EventType "swiss"]
[EventRounds "9"]
[EventCountry "GER"]
[SourceTitle "EXT 2023"]
[Source "ChessBase"]
[SourceDate "2022.10.05"]
[SourceVersion "1"]
[SourceVersionDate "2022.10.05"]
[SourceQuality "1"]

1. d4 d5 2. c4 e6 3. Nc3 Nf6 4. Nf3 c5 5. e3 Be7 6. cxd5 Nxd5 7. Bb5+ Bd7 8. Bxd7+ Qxd7 9. Ne5 Nxc3 10. bxc3 Qd5 11. 0-0 0-0 12. Ba3 Na6 13. Qe2 Qd8 14. Qb5 1/2-1/2

[Event "GER-chT Seniors 19th"]
[Site "Eckernfoerde"]
[Date "2010.09.16"]
[Round "4.4"]
[White "Biller, Helmut"]
[Black "Adibekian, Roubik"]
[Result "0-1"]
[WhiteElo "1988"]
[BlackElo "2058"]
[PlyCount "74"]
[EventDate "2010.09.13"]
[EventType "team-swiss"]
[EventRounds "7"]
[EventCountry "GER"]
[SourceTitle "EXT 2011"]
[Source "ChessBase"]
[SourceDate "2010.11.26"]
[SourceVersion "1"]
[SourceVersionDate "2010.11.26"]
[SourceQuality "1"]
[WhiteTeam "Hessen II"]
[BlackTeam "Niedersachsen"]
[WhiteTeamCountry "GER"]
[BlackTeamCountry "GER"]

1. d4 d5 2. c4 e6 3. Nc3 Nf6 4. Bg5 c5 5. cxd5 cxd4 6. Qxd4 Be7 7. Rd1 exd5 8. e3 Nc6 9. Qa4 Be6 10. Nf3 0-0 11. Be2 a6 12. Nd4 Nxd4 13. Qxd4 Qa5 14. 0-0 Rfd8 15. Rc1 b5 16. a3 Rdc8 17. Rfd1 Qd8 18. Na2 h6 19. Bh4 g5 20. Bg3 Nd7 21. Nb4 Bf6 22. Qd2 Nc5 23. Nxd5 Nb3 24. Rxc8 Rxc8 25. Qd3 Qxd5 26. Qxd5 Bxd5 27. Rxd5 Bxb2 28. Bd6 Na5 29. Kf1 Rc1+ 30. Bd1 Nc4 31. a4 Nb6 32. Rd2 Nxa4 33. Ke2 Nc3+ 34. Ke1 a5 35. f3 a4 36. Rxb2 Rxd1+ 37. Kf2 Rxd6 0-1

[Event "Niedersachsen-ch Seniors op 13th"]
[Site "Bad Bevensen"]
[Date "2010.07.14"]
[Round "9"]
[White "Adibekian, Roubik"]
[Black "Schurig, Wilhelm"]
[Result "1-0"]
[WhiteElo "2042"]
[BlackElo "1891"]
[PlyCount "41"]
[EventDate "2010.07.06"]
[EventType "swiss"]
[EventRounds "9"]
[EventCountry "GER"]
[SourceTitle "EXT 2012"]
[Source "ChessBase"]
[SourceDate "2011.11.24"]
[SourceVersion "1"]
[SourceVersionDate "2011.11.24"]
[SourceQuality "1"]

1. d4 g6 2. c4 Bg7 3. g3 c5 4. d5 d6 5. Bg2 Nf6 6. Nc3 0-0 7. Nf3 Na6 8. 0-0 Nc7 9. h3 Rb8 10. a4 b6 11. Qc2 a6 12. Nd2 b5 13. axb5 axb5 14. cxb5 Nxb5 15. Nxb5 Rxb5 16. Nc4 Nd7 17. Bd2 Ne5 18. Na3 Rb8 19. f4 Nd7 20. Nc4 e5 21. Ba5 1-0

[Event "Niedersachsen-ch Seniors op 13th"]
[Site "Bad Bevensen"]
[Date "2010.07.08"]
[Round "3"]
[White "Gudat, Alfons"]
[Black "Adibekian, Roubik"]
[Result "1-0"]
[WhiteElo "1873"]
[BlackElo "2042"]
[PlyCount "24"]
[EventDate "2010.07.06"]
[EventType "swiss"]
[EventRounds "9"]
[EventCountry "GER"]
[SourceTitle "EXT 2012"]
[Source "ChessBase"]
[SourceDate "2011.11.24"]
[SourceVersion "1"]
[SourceVersionDate "2011.11.24"]
[SourceQuality "1"]

1. e4 d5 2. exd5 Nf6 3. d4 Qxd5 4. Nf3 Bg4 5. Be2 Nc6 6. 0-0 0-0-0 7. c4 Qh5 8. d5 e6 9. h3 exd5 10. hxg4 Nxg4 11. Bf4 dxc4 12. Nbd2 Bc5 1-0

[Event "Niedersachsen-ch Seniors op 13th"]
[Site "Bad Bevensen"]
[Date "2010.07.07"]
[Round "2"]
[White "Adibekian, Roubik"]
[Black "Piastowski, Kurt"]
[Result "1-0"]
[WhiteElo "2042"]
[BlackElo "1769"]
[PlyCount "45"]
[EventDate "2010.07.06"]
[EventType "swiss"]
[EventRounds "9"]
[EventCountry "GER"]
[SourceTitle "EXT 2012"]
[Source "ChessBase"]
[SourceDate "2011.11.24"]
[SourceVersion "1"]
[SourceVersionDate "2011.11.24"]
[SourceQuality "1"]

1. d4 d5 2. Nf3 Nf6 3. c4 c6 4. Nc3 e6 5. e3 Be7 6. Bd3 0-0 7. 0-0 Nbd7 8. Qe2 Qc7 9. e4 dxe4 10. Nxe4 Nxe4 11. Qxe4 Nf6 12. Qh4 g6 13. Bg5 Qd8 14. h3 c5 15. Rad1 Re8 16. dxc5 Nd7 17. Bxe7 Qxe7 18. Qxe7 Rxe7 19. b4 e5 20. Be4 a5 21. c6 bxc6 22. Bxc6 Rb8 23. b5 1-0

[Event "Niedersachsen-ch Seniors op 13th"]
[Site "Bad Bevensen"]
[Date "2010.07.06"]
[Round "1"]
[White "Von Janta, Lothar"]
[Black "Adibekian, Roubik"]
[Result "0-1"]
[WhiteElo "1654"]
[BlackElo "2042"]
[PlyCount "50"]
[EventDate "2010.07.06"]
[EventType "swiss"]
[EventRounds "9"]
[EventCountry "GER"]
[SourceTitle "EXT 2012"]
[Source "ChessBase"]
[SourceDate "2011.11.24"]
[SourceVersion "1"]
[SourceVersionDate "2011.11.24"]
[SourceQuality "1"]

1. c4 c6 2. Nc3 d5 3. cxd5 cxd5 4. Nf3 Nc6 5. d3 Nf6 6. Bg5 e6 7. g3 Be7 8. a3 h6 9. Bd2 0-0 10. Bg2 e5 11. 0-0 Be6 12. b4 a6 13. Rc1 Rc8 14. Na4 Nd7 15. Ne1 Nd4 16. f4 Rxc1 17. Bxc1 f6 18. Bb2 Nc6 19. Kh1 Nb6 20. Nxb6 Qxb6 21. fxe5 fxe5 22. Rxf8+ Bxf8 23. Nc2 a5 24. Qe1 axb4 25. axb4 Nxb4 0-1